00600nam a2200193Ia 4500008004100000020001400041050001600055100002000071245003100091245006800122260002000190260001600210260000900226300001600235300002000251300001000271999001900281952010600300170918s9999 xx 000 0 und d a552991988 bA432ho 1985 aAllende, Isabel 4aThe house of the spirits / cby Isabel Allende ; translated from the Spanish by Magda Bogin. aGreat Britain : bBlack Swan, c1985 a490 pages : billustrations ; c19cm. c343440d343440 001040aSSISMbSSISMd2017-09-18l0oFIC A432ho 1985pSSISM2512r2017-09-18 00:00:00w2017-09-18yBK